National Dish by European Country - Statistics

General Stats
  • This quiz has been taken 1,553 times
    1,539 since last reset
  • The average score is 12 of 16
Answer Stats
Hint Answer % Correct
United Kingdom Fish and Chips
93%
Italy Ragu Alla Bolognese
92%
Spain Tortilla de Patatas
91%
Ukraine Chicken Kyiv
90%
Hungary Goulash
84%
France Escargot
83%
Greece Moussaka
82%
Germany Schnitzel
82%
Belgium Moules-Frites
81%
Switzerland Fondue
79%
Austria Wiener Schnitzel
79%
Norway Fårikål
77%
Russia Beef Stroganoff
61%
Ireland Soda bread
55%
Poland Bigos
47%
Finland Rye Bread
29%
No matching quizzes found
Score Distribution
Percent of People with Each Score
Percentile by Number Answered
Your Score History
You have not taken this quiz since the last reset